000 00591nam a2200217Ia 4500
003 GCL
008 140319s9999 xx 000 0 eng d
040 _aGCL /
_cGCL
082 0 4 _a652.5
_bM W
100 1 _aMESTERS, JEAN-PAUL
245 1 0 _aWORD 6 POUR DOS FACILE /
_cMESTERS, JEAN-PAUL
260 _a[S.N] :
_bMARABOUT UNIVERSITE
300 _a439 P
490 _aMARABOUT
_v0
650 0 4 _aCOMPUTER SOFTWARE
650 0 4 _aMS - DOS ( COMPUTER OPERATING SYSTEM )
650 0 4 _aCOMPUTER PROGRM
650 0 4 _aWORD PROCESSING
650 0 4 _aCOMPUTER PROGRAM LANGUAGE
942 _2ddc
_cBK
999 _c22714
_d22714